000 00663nam a2200253Ia 4500
008 160803s9999 xx 000 0 und d
020 _a9780439425209
100 _aYee, Lisa
245 _aMillicent Min, girl genius /
245 _cby Lisa Yee.
260 _aNew York :
260 _bScholastic Inc.
260 _c2003
300 _a248 pages ;
300 _c22 cm
500 _aOriginally published: New York : A. A. Levine Books, 2003.
650 _aFriendship --
650 _aGenius --
650 _aGifted children --
650 _xJuvenile fiction.
650 _xJuvenile fiction.
650 _xJuvenile fiction.
700 _a800
999 _c298739
_d298739